Vybrané kapitoly z manažérskej ekonomiky pre sociálnu prácu
Na minha lista:
| Autor principal: | |
|---|---|
| Outros Autores: | , , |
| Formato: | Livro |
| Idioma: | eslovaco |
| Publicado em: |
Košice
VÚSI
2012
|
| Edição: | 1. vyd. |
| Assuntos: | |
| Tags: |
Sem tags, seja o primeiro a adicionar uma tag!
|
MARC
| LEADER | 00000nam a2200000 4500 | ||
|---|---|---|---|
| 001 | 0166596 | ||
| 005 | 20240502072912.1 | ||
| 020 | |a 978-80-89383-20-7 | ||
| 041 | 0 | |a slo | |
| 044 | |a SK | ||
| 245 | 1 | 0 | |a Vybrané kapitoly z manažérskej ekonomiky pre sociálnu prácu |c Alena Bašistová, Lucia Demjanová |
| 250 | |a 1. vyd. | ||
| 264 | 1 | |a Košice |b VÚSI |c 2012 | |
| 300 | |a 135 s. [6,7 AH] | ||
| 610 | 2 | 0 | |a manažment |
| 610 | 2 | 0 | |a manažment strategický |
| 610 | 2 | 0 | |a riadenie strategické |
| 610 | 2 | 0 | |a plánovanie strategické |
| 610 | 2 | 0 | |a stratégia podnikateľská |
| 610 | 2 | 0 | |a stratégia podniková |
| 610 | 2 | 0 | |a analýzy |
| 610 | 2 | 0 | |a prognózovanie |
| 610 | 2 | 0 | |a práca sociálna |
| 100 | 1 | |a Bašistová, Alena | |
| 700 | 1 | |a Demjanová, Lucia, 1981- | |
| 700 | 1 | |a Suchánek, Petr | |
| 700 | 1 | |a Mesároš, Peter | |